| 000 | 01309nam a2200313 i 4500 | ||
|---|---|---|---|
| 003 | EG-ScBUE | ||
| 005 | 20240218104101.0 | ||
| 008 | 120321s2012 ua f 000 0 bara d | ||
| 017 | _a2012 / 3103 | ||
| 020 | _a9789770931141 | ||
| 040 |
_aEG-ScBUE _bara _erda _cEG-ScBUE _dEG-ScBUE |
||
| 043 | _af-ua--- | ||
| 082 | 0 | 4 |
_222 _a962.055 _bهـ ي ك |
| 100 | 1 |
_91798 _aهيكل، محمد حسنين، _d1923-2016، _eمؤلف. |
|
| 245 | 1 | 0 |
_aمبارك وزمانه : _bمن المنصة إلى الميدان / _cمحمد حسنين هيكل. |
| 250 | _aالطبعة الثانية. | ||
| 264 | 1 |
_aالقاهرة : _bدار الشروق، _c2012. |
|
| 300 |
_a309 صفحة ؛ _c24 سم |
||
| 336 |
_2rdacontent _aنص _btxt |
||
| 337 |
_aبدون وسيط _2rdamedia _bn |
||
| 338 |
_aمجلد _bnc _2rdacarrier |
||
| 600 | 1 | 7 |
_2BUEsh _aمبارك، محمد حسني، _d1928-2020. |
| 651 | 7 |
_929429 _aمصر _xتاريخ _yالعصر الحديث _yحسني مبارك (1981-2011). _2BUEsh |
|
| 651 | 7 |
_929431 _aمصر _xأحوال اجتماعية _yالعصر الحديث _yحسني مبارك (1981-2011). _2BUEsh |
|
| 651 | 7 |
_929430 _aمصر _xأحوال سياسية _yالعصر الحديث _yحسني مبارك (1981-2011). _2BUEsh |
|
| 653 | _cMarch2012 | ||
| 655 | _vReading book | ||
| 942 |
_2ddc _cBB |
||
| 999 |
_c16597 _d16597 |
||